|
|
|
|
| LEADER |
00000cam a22000004a 4500 |
| 001 |
musev2_44249 |
| 003 |
MdBmJHUP |
| 005 |
20230905044630.0 |
| 006 |
m o d |
| 007 |
cr||||||||nn|n |
| 008 |
160111s2016 nyu o 00 0 eng d |
| 020 |
|
|
|a 9780815653431
|
| 020 |
|
|
|z 9780815634096
|
| 020 |
|
|
|z 9780815634232
|
| 035 |
|
|
|a (OCoLC)934607019
|
| 040 |
|
|
|a MdBmJHUP
|c MdBmJHUP
|
| 100 |
1 |
|
|a Brenner, Naomi,
|e author.
|
| 245 |
1 |
0 |
|a Lingering Bilingualism :
|b Modern Hebrew and Yiddish Literatures in Contact /
|c Naomi Brenner.
|
| 264 |
|
1 |
|a Syracuse, New York :
|b Syracuse University Press,
|c 2016.
|
| 264 |
|
3 |
|a Baltimore, Md. :
|b Project MUSE,
|c 2016
|
| 264 |
|
4 |
|c ©2016.
|
| 300 |
|
|
|a 1 online resource (296 pages).
|
| 336 |
|
|
|a text
|b txt
|2 rdacontent
|
| 337 |
|
|
|a computer
|b c
|2 rdamedia
|
| 338 |
|
|
|a online resource
|b cr
|2 rdacarrier
|
| 490 |
0 |
|
|a Judaic traditions in literature, music, and art
|
| 505 |
0 |
|
|a Only a world war could bring us such elegance: Milgroym, Rimon, and periodic bilingualism in Berlin -- Breathing Hebrew with both lungs: Hebrew and Yiddish in Palestine -- The belated bilingualism of Zalman Shneour and Y.D. Berkovitz -- Bound up in the bond of Hebrew literature: translating Yiddish in the 1940s.
|
| 546 |
|
|
|a English.
|
| 588 |
|
|
|a Description based on print version record.
|
| 650 |
|
7 |
|a Literatur
|2 gnd
|
| 650 |
|
7 |
|a Zweisprachigkeit
|2 gnd
|
| 650 |
|
7 |
|a Jiddisch
|2 gnd
|
| 650 |
|
7 |
|a Hebräisch
|2 gnd
|
| 650 |
|
7 |
|a Yiddish literature.
|2 fast
|0 (OCoLC)fst01182824
|
| 650 |
|
7 |
|a Yiddish language.
|2 fast
|0 (OCoLC)fst01182793
|
| 650 |
|
7 |
|a Languages in contact.
|2 fast
|0 (OCoLC)fst00992434
|
| 650 |
|
7 |
|a Jews
|x Languages.
|2 fast
|0 (OCoLC)fst00983295
|
| 650 |
|
7 |
|a Hebrew literature.
|2 fast
|0 (OCoLC)fst00954363
|
| 650 |
|
7 |
|a Hebrew language.
|2 fast
|0 (OCoLC)fst00954191
|
| 650 |
|
7 |
|a Bilingualism.
|2 fast
|0 (OCoLC)fst00831739
|
| 650 |
|
7 |
|a LITERARY CRITICISM
|x Jewish.
|2 bisacsh
|
| 650 |
|
7 |
|a LITERARY CRITICISM
|x European
|x German.
|2 bisacsh
|
| 650 |
|
6 |
|a Langues en contact.
|
| 650 |
|
6 |
|a Yiddish (Langue)
|
| 650 |
|
6 |
|a Juifs
|x Langues.
|
| 650 |
|
6 |
|a Litterature hebraïque
|x Histoire et critique.
|
| 650 |
|
6 |
|a Litterature yiddish
|x Histoire et critique.
|
| 650 |
|
0 |
|a Languages in contact.
|
| 650 |
|
0 |
|a Bilingualism.
|
| 650 |
|
0 |
|a Hebrew language.
|
| 650 |
|
0 |
|a Yiddish language.
|
| 650 |
|
0 |
|a Jews
|x Languages.
|
| 650 |
|
0 |
|a Hebrew literature
|x History and criticism.
|
| 650 |
|
0 |
|a Yiddish literature
|x History and criticism.
|
| 655 |
|
7 |
|a Criticism, interpretation, etc.
|2 fast
|0 (OCoLC)fst01411635
|
| 655 |
|
7 |
|a Electronic books.
|2 local
|
| 710 |
2 |
|
|a Project Muse.
|e distributor
|
| 830 |
|
0 |
|a Book collections on Project MUSE.
|
| 856 |
4 |
0 |
|z Texto completo
|u https://projectmuse.uam.elogim.com/book/44249/
|
| 945 |
|
|
|a Project MUSE - Custom Collection
|
| 945 |
|
|
|a Project MUSE - 2016 Complete
|
| 945 |
|
|
|a Project MUSE - 2016 Language and Linguistics
|
| 945 |
|
|
|a Project MUSE - 2016 Jewish Studies
|